श्री क्षेत्र अवंतिका अर्थात उज्जयिनी मार्गदर्शिका (Record no. 118713)

MARC details
000 -LEADER
fixed length control field 00902nam a2200181Ia 4500
008 - FIXED-LENGTH DATA ELEMENTS--GENERAL INFORMATION
fixed length control field 090124s9999 xx 000 0 und d
082 ## - DEWEY DECIMAL CLASSIFICATION NUMBER
Item number 4772
Classification number 74
100 ## - MAIN ENTRY--PERSONAL NAME
Personal name डोंगरे केशवराव बळवंत
245 ## - TITLE STATEMENT
Title श्री क्षेत्र अवंतिका अर्थात उज्जयिनी मार्गदर्शिका
250 ## - EDITION STATEMENT
Edition statement 1
260 ## - PUBLICATION, DISTRIBUTION, ETC. (IMPRINT)
Date of publication, distribution, etc 1932
300 ## - PHYSICAL DESCRIPTION
Extent 196+10
600 ## - SUBJECT ADDED ENTRY--PERSONAL NAME
Personal name डोंगरे केशवराव बळवंत
630 ## - SUBJECT ADDED ENTRY--UNIFORM TITLE
Uniform title श्री क्षेत्र अवंतिका अर्थात उज्जयिनी मार्गदर्शिका
700 ## - ADDED ENTRY--PERSONAL NAME
Personal name डोंगरे केशवराव बळवंत
730 ## - ADDED ENTRY--UNIFORM TITLE
Uniform title श्री क्षेत्र अवंतिका अर्थात उज्जयिनी मार्गदर्शिका
942 ## - ADDED ENTRY ELEMENTS (KOHA)
Koha item type Book
Holdings
Withdrawn status Lost status Damaged status Not for loan Home library Current library Date acquired Cost, normal purchase price Total Checkouts Full call number Barcode Date last seen Cost, replacement price Price effective from Koha item type
        Marathi Granth Sangrahalaya,Thane Marathi Granth Sangrahalaya,Thane   1.50   4772 THNMGS-4772 01/24/2009 1.50 01/24/2009 Book